Consulta sobre si los patrones de una obra pía de casar huérfanas podran aplicar la limosna para entrar en religión.

Detalles Bibliográficos
Formato: Libro
Publicado: s.l., s.f.
Materias:
Colección:Banco de datos
Acervo:Biblioteca Palafoxiana. Colección de Manuscritos
Descripción Física:2 f. ; 21 x 30 cm.
Tema general:Eclesiástica
LEADER 00427nam a22001330004500
035 |a 1564 
245 1 0 |a Consulta sobre si los patrones de una obra pía de casar huérfanas podran aplicar la limosna para entrar en religión.  
260 |a s.l., s.f. 
300 |a 2 f. ; 21 x 30 cm.  
650 1 0 |a Eclesiástica 
949 |a 32280/319 
942 |c PALAMANU 
943 |g Biblioteca Palafoxiana. Colección de Manuscritos 
999 |c 1069509  |d 1069509